Evénements du 26 septembre - Statistiques

Statistiques générales
  • Ce quiz a été pris 25 fois
  • Le résultat moyen est 8 sur 15
Statistiques - réponses
Hint Réponse % Correct
Jules César ordonne d'assassiner Vercingétorix - 46
100%
Couronnement du roi Jean II 1350
86%
Sortie de l'album Abbey Road 1969
81%
Mort de Tino Rossi 1983
81%
Naissance du peintre Géricault 1791
71%
Naissance du réalisateur Ariel Zeitoun 1949
71%
Francis Drake termine son tour du monde 1580
67%
Mort de Paul Newman 2008
67%
Naissance de Valérie Bègue, miss France 1985
48%
Albert Einstein publie sa théorie de la relativité 1905
38%
Naissance de l'ébéniste Louis Majorelle 1859
33%
Naissance du pape Paul VI 1897
33%
Pose de la 1ère pierre de la cathédrale de la Major à Marseille 1852
29%
Naissance du compositeur George Gershwin 1898
24%
Indépendance de la Nouvelle-Zélande 1907
19%
Aucun quiz correspondant
Distribution des résultats
% des personnes avec chaque résultat
Percentile par nombre de réponses
Votre historique - résultats
Vous n’avez pas pris ce quiz